Visualizzazione normale
Vista MARC
- Chiappo Enrico
di Personal Name
Records bibliografici associati: 1
001 - CONTROL NUMBER
- control field: 3062
003 - CONTROL NUMBER IDENTIFIER
- control field: IT-RoPau
005 - DATE AND TIME OF LATEST TRANSACTION
- control field: 20131122180059.0
008 - FIXED-LENGTH DATA ELEMENTS
- fixed length control field: 131122|| aca||aabn | a|a d
040 ## - CATALOGING SOURCE
- Original cataloging agency: IT-RoPau
- Transcribing agency: IT-RoPau
100 ## - HEADING--PERSONAL NAME
- Personal name: Chiappo Enrico
- Miscellaneous information: Codice autore testo/musica SPICS: 13520
- Relator term: Autore testo/musica
- Name of part/section of a work: Comtemplazione
670 ## - SOURCE DATA FOUND
- Source citation: Work cat.: (IT-RoPau)100128: AA.VV. 794, Trio Lescano (Il)-Disco